Statistics for NBA who am I????

Click here to take the quiz!

General Stats

  • This quiz has been taken 802 times
  • The average score is 9 of 15

Answer Stats

HintAnswer% Correct
Played for the Bulls and now the head coach in Golden StateSteve Kerr
98%
Brought Cleveland there first championshipLebron James
96%
All time leading scorerKareem
94%
Played through the fluJordan
85%
Franchise that has the most bandwagoners form 2015 to nowWarriors
81%
Played for celtics and won 11 titlesBill Russell
75%
Best Dunker of all time and can still throw down some nasty dunks at the age of 40Vince Carter
69%
All-time assist leaderJohn Stockton
67%
Last player drafted to the supersonics and played for OKC and now for the warriorsdurant
61%
Like to jabstep plays for the knicks number 7Carmelo Anthony
60%
Blocked Yao Ming and won 2 dunk contests and im under 6 footnate robinson
55%
Never won a championship and nickname is round mound of reboundbarkley
42%
Blood Clots and DinosaursBosh
32%
2017 playoffs i dunked and my foot touched the ground while grabbing the rimgiannis
4%
The big three for the clippers thought they were good but notPaul, Griffin, and Jordan
2%

Score Distribution

Percentile by Number Answered

Percent of People with Each Score

Your Score History

You have not taken this quiz